00922 2200181 4500245006700000020002200067250001100089100002200100700002500122650001700147005001900164260003800183041001400221084001100235300002600246500045900272336000900731 aKatering b : Seri Wirausahawan MudacHendry E. RamdhanhText a978-602-8823-63-0 aCet. 1 aHendry E. Ramdhan aSuro Udioko Prapanca aWirausahawan a20240506075231 aDepokbBinamuda Ciptakreasic2013 aIndonesia a338.04 avi, 50 hlm. :c25 cm. aBuku ini hadir untuk memperkaya wawasan pembaca, khususnya pelajar. Buku ini diharapkan lebih operasional dan praktis dibaca sehingga pembaca mendapat gambaran umum kewirausahaan, salah satunya katering. semangat kewirausahaan harus diterapkan kepada semua orang, tidak terkecuali pelajar sebab pada masa ini gagasan cerdas, inovatif, dan kreatif dimungkinkan masih tinggi. Jangan sampai nantinya mereka selalu bertanya: kemana,bagimana,dan mau jadi apa. atext